Afiche/ (Record no. 4479)
[ view plain ]
| 000 -LEADER | |
|---|---|
| campo de control de longitud fija | 00691nam a22002177a 4500 |
| 003 - IDENTIFICADOR DE NÚMERO DE CONTROL | |
| campo de control | OSt |
| 005 - FECHA Y HORA DE LA ÚLTIMA TRANSACCIÓN | |
| campo de control | 20231005090237.0 |
| 008 - DATOS DE LONGITUD FIJA--INFORMACIÓN GENERAL | |
| campo de control de longitud fija | 221006b |||||||| |||| 00| 0 eng d |
| 040 ## - FUENTE DE CATALOGACIÓN | |
| Centro/agencia transcriptor | Biblioteca Lado V |
| 082 ## - NÚMERO DE LA CLASIFICACIÓN DECIMAL DEWEY | |
| Número de clasificación | 779 |
| Número de ítem | A257a |
| 100 ## - ENTRADA PRINCIPAL--NOMBRE DE PERSONA | |
| 9 (RLIN) | 1156 |
| Nombre de persona | Samper, María Adelaida |
| Término indicativo de función/relación | editor |
| 130 ## - ENTRADA PRINCIPAL--TÍTULO UNIFORME | |
| Título uniforme | Afiche |
| Lenguaje de la obra | spa |
| 245 ## - MENCIÓN DEL TÍTULO | |
| Título | Afiche/ |
| 300 ## - DESCRIPCIÓN FÍSICA | |
| Dimensiones | 80x106cm |
| Extensión | 1p. |
| Otras características físicas | una hoja |
| 366 ## - INFORMACIÓN SOBRE DISPONIBILIDAD COMERCIAL | |
| Nota | eng |
| 650 ## - PUNTO DE ACCESO ADICIONAL DE MATERIA--TÉRMINO DE MATERIA | |
| Fuente del encabezamiento o término | Tesauro de Arte & Arquitectura |
| Término de materia o nombre geográfico como elemento de entrada | ARTE |
| 9 (RLIN) | 703 |
| 650 ## - PUNTO DE ACCESO ADICIONAL DE MATERIA--TÉRMINO DE MATERIA | |
| Fuente del encabezamiento o término | Tesauro de Arte & Arquitectura |
| Término de materia o nombre geográfico como elemento de entrada | FOTOGRAFÍA |
| 9 (RLIN) | 702 |
| 650 ## - PUNTO DE ACCESO ADICIONAL DE MATERIA--TÉRMINO DE MATERIA | |
| Fuente del encabezamiento o término | Tesauro de Arte & Arquitectura |
| Término de materia o nombre geográfico como elemento de entrada | CRITICA |
| 9 (RLIN) | 702 |
| 650 ## - PUNTO DE ACCESO ADICIONAL DE MATERIA--TÉRMINO DE MATERIA | |
| Fuente del encabezamiento o término | Tesauro de Arte & Arquitectura |
| Término de materia o nombre geográfico como elemento de entrada | DENUNCIA SOCIAL |
| 942 ## - ELEMENTOS DE ENTRADA SECUNDARIOS (KOHA) | |
| Fuente del sistema de clasificación o colocación | Clasificación Decimal Dewey |
| Tipo de ítem Koha | Libros |
| Parte de la signatura que corresponde a la clasificación (Parte de la clasificación) | 779 |
| Parte de la signatura que identifica el ejemplar (Parte del ítem) | A257a |
| Suprimir en OPAC | No |
| Estatus retirado | Estado de pérdida | Fuente del sistema de clasificación o colocación | Estado de daño | No para préstamo | Colección | Biblioteca de origen | Biblioteca actual | Fecha de adquisición | Número de inventario | Total de préstamos | Signatura topográfica completa | Código de barras | Visto por última vez | Precio de reemplazo | Tipo de ítem Koha |
|---|---|---|---|---|---|---|---|---|---|---|---|---|---|---|---|
| Clasificación Decimal Dewey | Colección Especial | Biblioteca LadoV | Biblioteca LadoV | 05/10/2023 | 002682 | 779 A257a | 002682 | 05/10/2023 | 05/10/2023 | Libros | |||||
| Clasificación Decimal Dewey | Colección Especial | Biblioteca LadoV | Biblioteca LadoV | 05/10/2023 | 002683 | 779 A257a | 002683 | 05/10/2023 | 05/10/2023 | Libros |
